Year book 1988-89 (Record no. 508583)

000 -LEADER
fixed length control field 00480cam a22001337a 4500
008 - FIXED-LENGTH DATA ELEMENTS--GENERAL INFORMATION
fixed length control field 180718b1988 xxu||||| |||| 00| 0 eng d
082 ## - DEWEY DECIMAL CLASSIFICATION NUMBER
Classification number B73064x5444 1988-89
100 ## - MAIN ENTRY--PERSONAL NAME
Personal name Karnataka. Directorate of Economics and Statistics
9 (RLIN) 3568
245 ## - TITLE STATEMENT
Title Year book 1988-89
Statement of responsibility, etc by Directorate of Economics and Statistics
260 ## - PUBLICATION, DISTRIBUTION, ETC. (IMPRINT)
Place of publication, distribution, etc Banglaore
Name of publisher, distributor, etc The Calcutta Municipal corporation
Date of publication, distribution, etc 1989
300 ## - PHYSICAL DESCRIPTION
Extent 101p.
650 ## - SUBJECT ADDED ENTRY--TOPICAL TERM
Topical term or geographic name as entry element Calcutta -- Politics and government -- Periodicals
9 (RLIN) 4001
942 ## - ADDED ENTRY ELEMENTS (KOHA)
Source of classification or shelving scheme
Holdings
Withdrawn status Lost status Source of classification or shelving scheme Damaged status Koha normalized classification for sorting Not for loan Permanent location Current location Date acquired Full call number Barcode Date last seen Price effective from Koha item type
        B_73064X5444_198889   Indian Institute of Public Administration Indian Institute of Public Administration 2019-04-02 B73064x5444 1988-89 GG32957 2019-04-02 2019-04-02 GG

Powered by Koha